Towards a correct reading of Lenin's theory of imperialism (Record no. 476271)

000 -LEADER
fixed length control field 00467cam a22001457a 4500
008 - FIXED-LENGTH DATA ELEMENTS--GENERAL INFORMATION
fixed length control field 180718b1983 xxu||||| |||| 00| 0 eng d
082 ## - DEWEY DECIMAL CLASSIFICATION NUMBER
Classification number B264 B146
100 ## - MAIN ENTRY--PERSONAL NAME
Personal name Bagchi, Amiya Kumar
245 ## - TITLE STATEMENT
Title Towards a correct reading of Lenin's theory of imperialism
Statement of responsibility, etc. by Amiya Kumar Bagchi
260 ## - PUBLICATION, DISTRIBUTION, ETC.
Place of publication, distribution, etc. Calcutta
Name of publisher, distributor, etc. Centre for Studies in Social Sciences
Date of publication, distribution, etc. 1983
300 ## - PHYSICAL DESCRIPTION
Extent 34p.
440 ## - SERIES STATEMENT/ADDED ENTRY--TITLE
Title Occasional Paper no., 54
650 ## - SUBJECT ADDED ENTRY--TOPICAL TERM
Topical term or geographic name entry element Lenin, V.I. 1970-1924
650 ## - SUBJECT ADDED ENTRY--TOPICAL TERM
Topical term or geographic name entry element Imperialism
Holdings
Withdrawn status Lost status Damaged status Not for loan Permanent Location Current Location Date acquired Full call number Barcode Date last seen Price effective from Koha item type
        Indian Institute of Public Administration Indian Institute of Public Administration 2018-08-04 B264 B146 GR11452 2018-08-04 2018-08-04 GR

Powered by Koha